[Event "World Amateur-ch U2000"]
[Site "Muscat"]
[Date "2023.11.09"]
[Round "8.20"]
[White "Brixel, Christof"]
[Black "Shahid, Hussain"]
[Result "1-0"]
[WhiteElo "1886"]
[BlackElo "1812"]
[PlyCount "94"]
[EventDate "2023.11.02"]
[EventType "swiss"]
[EventRounds "9"]
[EventCountry "OMN"]
[SourceTitle "CB46_2023"]
[SourceDate "2023.11.15"]
[SourceVersion "1"]
[SourceVersionDate "2023.11.15"]
[SourceQuality "1"]

1. c4 e5 2. Nc3 g6 3. g3 Bg7 4. Bg2 Ne7 5. e4 Nbc6 6. Nge2 0-0 7. 0-0 d6 8. d3 Be6 9. Nd5 f5 10. Be3 Qd7 11. Qd2 Rac8 12. Rac1 b6 13. Bg5 Kh8 14. b4 Ng8 15. b5 Nd4 16. Be3 Nxe2+ 17. Qxe2 Nf6 18. Bd2 Nxd5 19. cxd5 Bg8 20. Rc6 f4 21. f3 g5 22. g4 Bf6 23. Rfc1 Bf7 24. Bb4 Bd8 25. a4 Ra8 26. Qb2 Kg8 27. Bf1 a6 28. d4 a5 29. Ba3 Re8 30. Qc2 Bxd5 31. exd5 e4 32. Re1 exf3 33. Qf5 Qxf5 34. Rxe8+ Kf7 35. gxf5 Kxe8 36. Bc1 Kd7 37. Kf2 g4 38. Bxf4 Bf6 39. Rc2 Re8 40. Kg3 h5 41. h4 Re1 42. Rc1 Re4 43. Bg5 Bxd4 44. f6 Be5+ 45. Kf2 Rxa4 46. Bd3 Bd4+ 47. Kg3 Be5+ 1-0

[Event "World Amateur-ch U2000"]
[Site "Muscat"]
[Date "2023.11.04"]
[Round "3.19"]
[White "Dadabaev, Janybek"]
[Black "Brixel, Christof"]
[Result "1-0"]
[WhiteElo "1749"]
[BlackElo "1886"]
[PlyCount "81"]
[EventDate "2023.11.02"]
[EventType "swiss"]
[EventRounds "9"]
[EventCountry "OMN"]
[SourceTitle "CB46_2023"]
[SourceDate "2023.11.15"]
[SourceVersion "1"]
[SourceVersionDate "2023.11.15"]
[SourceQuality "1"]

1. d4 f5 2. g3 Nf6 3. Bg2 g6 4. Nh3 Bg7 5. 0-0 d6 6. c4 0-0 7. Nc3 c6 8. Qb3 Qe8 9. d5 Na6 10. dxc6 bxc6 11. c5+ Kh8 12. cxd6 exd6 13. Bf4 d5 14. Rac1 Qd7 15. Qa3 Re8 16. Rfd1 Bb7 17. Na4 Rad8 18. e3 Qe7 19. Qxe7 Rxe7 20. Bg5 h6 21. Bxf6 Bxf6 22. Nf4 Kg7 23. h4 h5 24. Bf1 Kf7 25. b3 Nc7 26. Rd2 Ba8 27. Rc5 Ne8 28. Rdc2 Rd6 29. Ra5 d4 30. Bc4+ Kg7 31. Nc5 dxe3 32. fxe3 Rxe3 33. Rxa7+ Re7 34. Rxa8 Bd4+ 35. Kg2 Bxc5 36. Ne6+ Rdxe6 37. Bxe6 Nc7 38. Rg8+ Kf6 39. Rxc5 Rxe6 40. Rc8 Re2+ 41. Kf1 1-0

[Event "World Amateur-ch U2000"]
[Site "Muscat"]
[Date "2023.11.02"]
[Round "1.20"]
[White "Ranjith, RK."]
[Black "Brixel, Christof"]
[Result "1-0"]
[WhiteElo "1718"]
[BlackElo "1886"]
[PlyCount "87"]
[EventDate "2023.11.02"]
[EventType "swiss"]
[EventRounds "9"]
[EventCountry "OMN"]
[SourceTitle "CB46_2023"]
[SourceDate "2023.11.15"]
[SourceVersion "1"]
[SourceVersionDate "2023.11.15"]
[SourceQuality "1"]

1. Nc3 f5 2. e4 fxe4 3. d3 Nf6 4. dxe4 Nc6 5. Nf3 d6 6. Bc4 Na5 7. Bd3 e5 8. Nd5 Be6 9. c4 Nc6 10. Ng5 Bg8 11. h4 h6 12. Nf3 Be6 13. Qb3 Qc8 14. Be3 Be7 15. 0-0-0 Ng4 16. Qa4 Bd7 17. Qc2 a5 18. a3 a4 19. h5 Na5 20. Kb1 Nb3 21. Nxe7 Kxe7 22. Nh4 Be8 23. Nf5+ Kf8 24. Qe2 Nf6 25. f4 Bf7 26. g4 b5 27. cxb5 Qe6 28. Rhf1 Nd4 29. Bxd4 exd4 30. e5 Qa2+ 31. Kc1 Qa1+ 32. Bb1 Re8 33. Nxd4 Ba2 34. Kc2 Bd5 35. Kc3 Bb3 36. Nxb3 axb3 37. Kxb3 Nd7 38. Qc2 Nc5+ 39. Kb4 Ke7 40. exd6+ cxd6 41. Rfe1+ Kd7 42. Rxd6+ Kxd6 43. Qxc5+ Kd7 44. Bf5+ 1-0

[Event "London Mindsports-C"]
[Site "London"]
[Date "2023.02.19"]
[Round "9"]
[White "Brixel, Christof"]
[Black "Keohane, Benedict A"]
[Result "0-1"]
[WhiteElo "1916"]
[BlackElo "1967"]
[PlyCount "154"]
[EventDate "2023.02.15"]
[EventType "tourn"]
[EventRounds "9"]
[EventCountry "ENG"]
[SourceTitle "CBM 213 Extra"]
[Source "ChessBase"]
[SourceDate "2023.05.31"]
[SourceVersion "1"]
[SourceVersionDate "2023.05.31"]
[SourceQuality "1"]

1. d4 e6 2. Nc3 b6 3. e4 Bb7 4. Bd3 c5 5. Nf3 Nf6 6. Qe2 a6 7. e5 cxd4 8. Nxd4 Nd5 9. Nxd5 Bxd5 10. Be4 Bxe4 11. Qxe4 Ra7 12. 0-0 Bc5 13. Be3 f5 14. Qd3 0-0 15. f4 Qc8 16. c3 Rc7 17. Nc2 Qb7 18. Rad1 Rfc8 19. h3 Be7 20. g4 g6 21. Rf2 Kh8 22. gxf5 gxf5 23. Rg2 Qf3 24. Kh2 Rg8 25. Rxg8+ Kxg8 26. Nd4 Qh5 27. Rg1+ Kh8 28. Nc2 b5 29. Bb6 Rb7 30. Qg3 Qf7 31. Be3 Nc6 32. Qg2 Rb8 33. Qd2 Bf8 34. Rd1 Qh5 35. Rg1 Qf7 36. Ne1 b4 37. c4 b3 38. a3 Bxa3 39. Nd3 Be7 40. Bc5 Qf8 41. Bxe7 Qxe7 42. c5 Nd4 43. Qf2 Nc6 44. Ra1 a5 45. Qe3 Qd8 46. Nc1 Rb4 47. Nxb3 Qb8 48. Ra3 Re4 49. Qd2 Qb5 50. Nc1 Qf1 51. Rg3 Nd4 52. Qg2 Qxg2+ 53. Rxg2 Rxf4 54. Kg3 Re4 55. Rd2 Kg7 56. Rd3 Kg6 57. Nb3 Nxb3 58. Rxb3 Rxe5 59. Rb5 a4 60. Ra5 d6 61. Rxa4 dxc5 62. Ra5 Re3+ 63. Kf4 Re4+ 64. Kf3 c4 65. Ra8 Rh4 66. Kg3 Rd4 67. Rc8 e5 68. Rc5 Kf6 69. Rc7 h5 70. h4 f4+ 71. Kf3 Rd3+ 72. Ke4 Re3+ 73. Kd5 f3 74. Rc8 Kf5 75. Kxc4 Kg4 76. Rf8 Re4+ 77. Kc5 Rf4 0-1

[Event "London Mindsports-C"]
[Site "London"]
[Date "2023.02.19"]
[Round "8"]
[White "Taylor, William J"]
[Black "Brixel, Christof"]
[Result "1/2-1/2"]
[WhiteElo "1946"]
[BlackElo "1916"]
[PlyCount "63"]
[EventDate "2023.02.15"]
[EventType "tourn"]
[EventRounds "9"]
[EventCountry "ENG"]
[SourceTitle "CBM 213 Extra"]
[Source "ChessBase"]
[SourceDate "2023.05.31"]
[SourceVersion "1"]
[SourceVersionDate "2023.05.31"]
[SourceQuality "1"]

1. e4 c6 2. d4 d5 3. exd5 cxd5 4. Bd3 Nc6 5. c3 Nf6 6. h3 e6 7. Nf3 Bd6 8. 0-0 h6 9. Re1 0-0 10. Ne5 Nd7 11. f4 Ndxe5 12. fxe5 Be7 13. Qh5 Bg5 14. Nd2 g6 15. Qe2 Bd7 16. g3 f5 17. Nf3 Bxc1 18. Raxc1 Ne7 19. c4 a6 20. Nd2 Bc6 21. Nb3 b6 22. Qd2 Kg7 23. c5 b5 24. Na5 Qc7 25. Ra1 g5 26. Rf1 Rf7 27. Rf2 Raf8 28. Raf1 Be8 29. b4 Nc6 30. Nxc6 Bxc6 31. a4 Qb7 32. axb5 1/2-1/2

[Event "London Mindsports-C"]
[Site "London"]
[Date "2023.02.18"]
[Round "7"]
[White "Brixel, Christof"]
[Black "Badacsonyi, Frankie"]
[Result "1-0"]
[WhiteElo "1916"]
[BlackElo "1977"]
[PlyCount "73"]
[EventDate "2023.02.15"]
[EventType "tourn"]
[EventRounds "9"]
[EventCountry "ENG"]
[SourceTitle "CBM 213 Extra"]
[Source "ChessBase"]
[SourceDate "2023.05.31"]
[SourceVersion "1"]
[SourceVersionDate "2023.05.31"]
[SourceQuality "1"]

1. Nf3 Nf6 2. b4 e6 3. a3 d5 4. e3 c5 5. bxc5 Bxc5 6. d4 Be7 7. c4 0-0 8. Nc3 b6 9. cxd5 Nxd5 10. Nxd5 Qxd5 11. Bd3 Ba6 12. e4 Qb7 13. 0-0 Rd8 14. Bb2 Nd7 15. Bxa6 Qxa6 16. Qb3 Nf6 17. Rfe1 Qb7 18. Nd2 Rac8 19. f3 Ne8 20. Nf1 Bf6 21. Red1 g6 22. Ne3 Nc7 23. d5 Bxb2 24. Qxb2 exd5 25. Ng4 dxe4 26. Nf6+ Kf8 27. Nxe4 Rxd1+ 28. Rxd1 Ne8 29. Qh8+ Ke7 30. Qe5+ Kf8 31. Qh8+ Ke7 32. Qe5+ Kf8 33. Qh8+ Ke7 34. Re1 Kd7 35. Qd4+ Kc7 36. Qe5+ Kd7 37. Nf6+ 1-0

[Event "London Mindsports-C"]
[Site "London"]
[Date "2023.02.16"]
[Round "2"]
[White "Brixel, Christof"]
[Black "Watson, Jacob"]
[Result "0-1"]
[WhiteElo "1916"]
[BlackElo "1889"]
[PlyCount "82"]
[EventDate "2023.02.15"]
[EventType "tourn"]
[EventRounds "9"]
[EventCountry "ENG"]
[SourceTitle "CBM 213 Extra"]
[Source "ChessBase"]
[SourceDate "2023.05.31"]
[SourceVersion "1"]
[SourceVersionDate "2023.05.31"]
[SourceQuality "1"]

1. e4 c5 2. Be2 Nc6 3. f4 e6 4. Nf3 d5 5. d3 Nf6 6. e5 Nd7 7. c4 Be7 8. 0-0 0-0 9. Nc3 Nb6 10. Bd2 Nd4 11. Be1 Bd7 12. cxd5 exd5 13. Bf2 Nxe2+ 14. Qxe2 Bf5 15. Rfd1 d4 16. Ne4 Nd5 17. Ng3 Qd7 18. Nxf5 Qxf5 19. g3 Rfd8 20. a3 Rac8 21. Nd2 b5 22. Qe4 Qxe4 23. Nxe4 f5 24. exf6 gxf6 25. f5 Kf7 26. Kg2 Nb6 27. Rac1 Rd5 28. g4 Rcd8 29. b3 Nd7 30. Bg3 Ne5 31. Bxe5 Rxe5 32. Kf3 a5 33. Rc2 Ra8 34. Rb1 a4 35. bxa4 Rxa4 36. Rxb5 Rxa3 37. Nxc5 Rc3 38. Rxc3 dxc3 39. d4 c2 40. dxe5 c1Q 41. e6+ Kg7 0-1

[Event "EU-ch Cities&Town op"]
[Site "Tornelo INT"]
[Date "2023.01.29"]
[Round "?"]
[White "Patel, Zain"]
[Black "Brixel, Christof"]
[Result "0-1"]
[WhiteElo "1806"]
[BlackElo "1952"]
[PlyCount "78"]
[EventDate "2023.01.29"]
[EventType "team-swiss"]
[EventRounds "9"]
[EventCountry "NET"]
[SourceTitle "CBM 212 Extra"]
[Source "ChessBase"]
[SourceDate "2023.03.31"]
[SourceVersion "1"]
[SourceVersionDate "2023.03.31"]
[SourceQuality "1"]
[WhiteTeam "London U18"]
[BlackTeam "West London Hammersmith"]
[WhiteTeamCountry "ENG"]
[BlackTeamCountry "ENG"]

1. d4 Nf6 2. Nf3 e6 3. c4 d5 4. Nc3 Bb4 5. Qa4+ Nc6 6. e3 0-0 7. Bd2 dxc4 8. Bxc4 a6 9. Qc2 Na5 10. Bd3 c5 11. a3 Bxc3 12. Bxc3 cxd4 13. Bxd4 h6 14. Rd1 Nc6 15. Bc5 Bd7 16. Bxf8 Qxf8 17. 0-0 Rc8 18. Qe2 e5 19. Bb1 e4 20. Nd4 Bg4 21. f3 exf3 22. gxf3 Bh3 23. Rfe1 Nxd4 24. Rxd4 Qc5 25. Qd2 g6 26. Rh4 Qg5+ 27. Rg4 Nxg4 28. fxg4 Qxg4+ 29. Kh1 Qf3+ 30. Kg1 Rc5 31. Qd8+ Kh7 32. Bxg6+ Kxg6 33. Qd6+ Kh7 34. Qd3+ Rf5 35. Qc2 Kg7 36. Qc3+ Kg6 37. Qd2 Kh5 38. e4 Qf1+ 39. Rxf1 Rxf1# 0-1

[Event "London Central op-A"]
[Site "London"]
[Date "2022.04.24"]
[Round "4"]
[White "Brixel, Christof"]
[Black "Villiers, Thomas"]
[Result "1-0"]
[WhiteElo "1974"]
[BlackElo "2219"]
[PlyCount "129"]
[EventDate "2022.04.22"]
[EventType "swiss"]
[EventRounds "5"]
[EventCountry "ENG"]
[SourceTitle "EXT 2024"]
[Source "ChessBase"]
[SourceDate "2023.10.10"]
[SourceVersion "1"]
[SourceVersionDate "2023.10.10"]
[SourceQuality "1"]

1. Nf3 d5 2. b3 Bf5 3. Bb2 e6 4. e3 Nf6 5. Be2 h6 6. 0-0 Nbd7 7. c4 c6 8. Ne5 Nxe5 9. Bxe5 Bd6 10. Bxd6 Qxd6 11. cxd5 cxd5 12. Nc3 a6 13. d4 Ke7 14. Bd3 Ng4 15. g3 Bxd3 16. Qxd3 h5 17. f3 Nxh2 18. Kxh2 h4 19. f4 hxg3+ 20. Kxg3 g5 21. Rh1 Rag8 22. Kf3 g4+ 23. Kg2 Rh3 24. Rxh3 gxh3+ 25. Kh1 Qa3 26. Nd1 Rg2 27. Qc3 Rxa2 28. Rc1 Kf6 29. e4 Rg2 30. e5+ Kg7 31. Ne3 Qa2 32. Rg1 Rxg1+ 33. Kxg1 h2+ 34. Kh1 Qf2 35. Qc1 a5 36. Ng2 b5 37. Qe3 Qb2 38. Kxh2 a4 39. bxa4 bxa4 40. f5 exf5 41. Qg5+ Kf8 42. Qh6+ Kg8 43. Qg5+ Kf8 44. Qd8+ Kg7 45. Qf6+ Kg8 46. e6 Qb8+ 47. Kh3 fxe6 48. Qxe6+ Kh8 49. Qxf5 Qg8 50. Qe5+ Kh7 51. Qh5+ Kg7 52. Qg5+ Kh8 53. Qxg8+ Kxg8 54. Ne3 a3 55. Kg4 a2 56. Nc2 Kf7 57. Kf5 Ke7 58. Ke5 Kd7 59. Kxd5 Kc7 60. Kc5 Kd7 61. d5 Kc7 62. d6+ Kd8 63. Kc6 Kc8 64. d7+ Kd8 65. Na1 1-0

[Event "Southend Easter op 64th"]
[Site "Southend"]
[Date "2022.04.16"]
[Round "3"]
[White "Onslow, Alfie"]
[Black "Brixel, Christof"]
[Result "1-0"]
[WhiteElo "2077"]
[BlackElo "1974"]
[PlyCount "71"]
[EventDate "2022.04.15"]
[EventType "swiss"]
[EventRounds "7"]
[EventCountry "ENG"]
[SourceTitle "CBM 207 Extra"]
[Source "ChessBase"]
[SourceDate "2022.05.31"]
[SourceVersion "1"]
[SourceVersionDate "2022.05.31"]
[SourceQuality "1"]

1. e4 c6 2. d4 d5 3. e5 c5 4. dxc5 e6 5. a3 Bxc5 6. Nf3 f6 7. c4 Nc6 8. Nc3 d4 9. Ne4 Be7 10. b4 Qc7 11. Bf4 g6 12. Bg3 Nxe5 13. Nxd4 Bd7 14. c5 f5 15. Nb5 Bxb5 16. Bxb5+ Kf7 17. Nd6+ Bxd6 18. cxd6 Qc3+ 19. Kf1 Nc6 20. Bxc6 Qc4+ 21. Kg1 bxc6 22. Rc1 Qe4 23. f3 Qe3+ 24. Bf2 Qxa3 25. Rxc6 Nh6 26. Rc7+ Kf6 27. Bd4+ e5 28. Bxe5+ Kxe5 29. Re7+ Kf6 30. Qd4+ Kg5 31. h4+ Kh5 32. Qf4 Qa1+ 33. Kh2 Qf6 34. g4+ Nxg4+ 35. fxg4+ Kxh4 36. Kg2# 1-0

[Event "Southend Easter op 64th"]
[Site "Southend"]
[Date "2022.04.15"]
[Round "2"]
[White "Brixel, Christof"]
[Black "Spence, David"]
[Result "1/2-1/2"]
[WhiteElo "1974"]
[BlackElo "2146"]
[PlyCount "120"]
[EventDate "2022.04.15"]
[EventType "swiss"]
[EventRounds "7"]
[EventCountry "ENG"]
[SourceTitle "CBM 207 Extra"]
[Source "ChessBase"]
[SourceDate "2022.05.31"]
[SourceVersion "1"]
[SourceVersionDate "2022.05.31"]
[SourceQuality "1"]

1. Nf3 Nf6 2. b3 e6 3. Bb2 b6 4. g3 Bb7 5. Bg2 c5 6. c4 Be7 7. 0-0 0-0 8. Nc3 d6 9. d4 cxd4 10. Qxd4 a6 11. e4 Qc7 12. Rac1 Nbd7 13. Rfd1 Rfd8 14. h3 Rac8 15. Ba3 Nc5 16. Qe3 Ncxe4 17. Nd4 Nxc3 18. Qxc3 Bxg2 19. Kxg2 d5 20. Bxe7 Qxe7 21. Qf3 Qa3 22. Qe2 b5 23. Rc2 bxc4 24. bxc4 dxc4 25. Rxc4 Rxc4 26. Qxc4 Qd6 27. Rd2 Ne4 28. Re2 Qxd4 29. Rxe4 Qd5 30. Kf3 a5 31. Qxd5 Rxd5 32. Rc4 h5 33. h4 Kh7 34. Rc7 Kg6 35. Ke3 Kf6 36. Rb7 g5 37. hxg5+ Rxg5 38. Ra7 Rf5 39. f4 Rb5 40. a4 Rd5 41. Rb7 e5 42. fxe5+ Rxe5+ 43. Kf4 Rf5+ 44. Ke4 Rg5 45. Rb6+ Kg7 46. Rb5 Rxg3 47. Rxa5 h4 48. Kf4 Kg6 49. Ra8 Ra3 50. Kg4 h3 51. Rh8 f5+ 52. Kf4 Rxa4+ 53. Kg3 Rg4+ 54. Kf3 Rb4 55. Rxh3 Rb3+ 56. Kg2 Rb2+ 57. Kf3 Kg5 58. Rg3+ Kf6 59. Rg8 Rb3+ 60. Kf4 Rb4+ 1/2-1/2

[Event "Kidlington op 43rd"]
[Site "Kidlington"]
[Date "2020.02.02"]
[Round "5"]
[White "Moyse, Nigel John"]
[Black "Brixel, Christof"]
[Result "0-1"]
[WhiteElo "169"]
[BlackElo "165"]
[PlyCount "102"]
[EventDate "2020.02.01"]
[EventType "swiss"]
[EventRounds "5"]
[EventCountry "ENG"]
[SourceTitle "EXT 2021"]
[Source "ChessBase"]
[SourceDate "2020.10.23"]
[SourceVersion "1"]
[SourceVersionDate "2020.10.23"]
[SourceQuality "1"]

1. d4 Nf6 2. Nf3 e6 3. Bf4 b6 4. e3 Bb7 5. Nbd2 Be7 6. Bd3 d5 7. Ne5 a6 8. c3 Nbd7 9. Qa4 b5 10. Qc2 c5 11. Nxd7 Qxd7 12. dxc5 Bxc5 13. Be5 Rc8 14. Nb3 Bd6 15. Bxd6 Qxd6 16. Na5 Ba8 17. Qb3 d4 18. exd4 Bxg2 19. Rg1 Qxh2 20. 0-0-0 Qf4+ 21. Kb1 Bd5 22. Qb4 g6 23. a4 Be4 24. Bxe4 Qxe4+ 25. Ka1 Nd5 26. Qd6 Qc2 27. Nc6 Qxa4+ 28. Kb1 Nxc3+ 29. Kc1 Nd5 30. Kb1 b4 31. Rc1 b3 32. Rc5 Qa2+ 33. Kc1 Qa1+ 34. Kd2 Qxg1 35. Ke2 Qg4+ 36. Kf1 Qf4 37. Ne5 Rxc5 38. dxc5 h5 39. Qb8+ Ke7 40. Nc6+ Kf6 41. Qxh8+ Kg5 42. Nd4 Qc1+ 43. Kg2 Nf4+ 44. Kh2 Qxc5 45. Nf3+ Kg4 46. Ne5+ Kf5 47. Nd3 Nxd3 48. Qa8 Qxf2+ 49. Kh1 Qh4+ 50. Kg2 Qe4+ 51. Qxe4+ Kxe4 0-1